000 00192nam a2200073Ia 4500
008 170817s9999 xx 000 0 und d
100 _aMaheshwari.Amrita
245 0 _aProfessional Teachers Education
260 _bGagandeep Pub.
999 _c38828
_d38828